000 00507nam a2200181Ia 4500
008 151018s9999 xx 000 0 und d
082 _bRBASDV31835
_a891.463
100 _aसुहास शिरवळकर
245 _aसंशय
250 _b1
260 _bदिलीपराज
_c2000
300 _a148
600 _aसुहास शिरवळकर
630 _aसंशय
700 _aसुहास शिरवळकर
730 _aसंशय
942 _cBOOK
999 _c1031367
_d1031364